000 00388nam a2200157Ia 4500
008 160316s2001 xxu||||| |||| 00| 0 eng d
082 _a348.060000
_bHAL-V (3)
100 _aHalsbury
245 _aLaws of England Vol. V (3)
250 _a4th
260 _aLondon
_bButterworths
_c2001
300 _a896p
_b
_c
365 _b P 165.00
650 _a1.Encyclopedia - Law
700 _a
_a
999 _c21176
_d21176